Animating with Blender: (Record no. 3040)

000 -LEADER
fixed length control field 00327ngm a2200133Ia 4500
008 - FIXED-LENGTH DATA ELEMENTS--GENERAL INFORMATION
fixed length control field 180904s9999||||xx ||| | || ||und||
020 ## - INTERNATIONAL STANDARD BOOK NUMBER
International Standard Book Number 9780240810799
082 ## - DEWEY DECIMAL CLASSIFICATION NUMBER
Classification number 791.433
Item number HES/A
100 ## - MAIN ENTRY--PERSONAL NAME
Personal name Hess, Roland D.
245 #0 - TITLE STATEMENT
Title Animating with Blender:
260 ## - PUBLICATION, DISTRIBUTION, ETC.
Place of publication, distribution, etc. Burlington
Name of publisher, distributor, etc. Focal Press
Date of publication, distribution, etc. 2009
300 ## - PHYSICAL DESCRIPTION
Extent 352p.
942 ## - ADDED ENTRY ELEMENTS (KOHA)
Koha item type DVD Library
Holdings
Withdrawn status Lost status Damaged status Not for loan Collection code Permanent Location Current Location Date acquired Cost, normal purchase price Barcode Date last seen Price effective from Koha item type
        School of Animation (Noida) MUIT-NOIDA MUIT-NOIDA 2018-09-04 2306.00 DVD00072 2018-09-04 2018-09-04 DVD Library

All Rights Reserved@MUIT

Powered by Koha